| 000 -LEADER |
| fixed length control field |
01097cam a22003015i 4500 |
| 003 - CONTROL NUMBER IDENTIFIER |
| control field |
OSt |
| 005 - DATE AND TIME OF LATEST TRANSACTION |
| control field |
20260406174328.0 |
| 008 - FIXED-LENGTH DATA ELEMENTS--GENERAL INFORMATION |
| fixed length control field |
240516s2024 ii a 000 0 eng d |
| 020 ## - INTERNATIONAL STANDARD BOOK NUMBER |
| Cancelled/invalid ISBN |
9789183419814 |
| Qualifying information |
(hardback) |
| 042 ## - AUTHENTICATION CODE |
| Authentication code |
lccopycat |
| -- |
lcode |
| 043 ## - GEOGRAPHIC AREA CODE |
| Geographic area code |
a-ii--- |
| 082 04 - DEWEY DECIMAL CLASSIFICATION NUMBER |
| Classification number |
709.54 |
| Edition number |
23 |
| 100 1# - MAIN ENTRY--PERSONAL NAME |
| Personal name |
Pitkar, Yashwant, |
| Relator term |
author. |
| 245 10 - TITLE STATEMENT |
| Title |
Sikandarah : |
| Remainder of title |
calligraphy, epigraphy, geometry, islimi, poetry / |
| Statement of responsibility, etc |
Yashwant Pitkar, Richa Raut, H. Masud Taj. |
| 300 ## - PHYSICAL DESCRIPTION |
| Extent |
156 pages : |
| Other physical details |
illustrations (colour) ; |
| Dimensions |
29 cm |
| 600 00 - SUBJECT ADDED ENTRY--PERSONAL NAME |
| Personal name |
Akbar, |
| Titles and other words associated with a name |
Emperor of Hindustan, |
| Dates associated with a name |
1542-1605 |
| General subdivision |
Tomb |
| Form subdivision |
Pictorial works. |
| 600 00 - SUBJECT ADDED ENTRY--PERSONAL NAME |
| Personal name |
Akbar, |
| Titles and other words associated with a name |
Emperor of Hindustan, |
| Dates associated with a name |
1542-1605 |
| General subdivision |
Tomb |
| Form subdivision |
Poetry. |
| 650 #0 - SUBJECT ADDED ENTRY--TOPICAL TERM |
| Topical term or geographic name as entry element |
Architecture, Mughal Empire |
| Geographic subdivision |
India |
| -- |
Agra. |
| 650 #0 - SUBJECT ADDED ENTRY--TOPICAL TERM |
| Topical term or geographic name as entry element |
Geometric patterns |
| Geographic subdivision |
India |
| -- |
Agra. |
| 650 #0 - SUBJECT ADDED ENTRY--TOPICAL TERM |
| Topical term or geographic name as entry element |
Art, Mughal Empire |
| Geographic subdivision |
India. |
| 650 #0 - SUBJECT ADDED ENTRY--TOPICAL TERM |
| Topical term or geographic name as entry element |
Calligraphy, Mogul Empire. |
| 650 #6 - SUBJECT ADDED ENTRY--TOPICAL TERM |
| Topical term or geographic name as entry element |
Architecture moghole |
| Geographic subdivision |
Inde |
| -- |
Āgra. |
| 650 #6 - SUBJECT ADDED ENTRY--TOPICAL TERM |
| Topical term or geographic name as entry element |
Art moghol |
| Geographic subdivision |
Inde. |
| 655 #7 - INDEX TERM--GENRE/FORM |
| Genre/form data or focus term |
Illustrated works. |
| Source of term |
lcgft |
| 655 #7 - INDEX TERM--GENRE/FORM |
| Genre/form data or focus term |
Poetry. |
| Source of term |
lcgft |
| 700 1# - ADDED ENTRY--PERSONAL NAME |
| Personal name |
Raut, Richa, |
| Relator term |
author. |
| 700 1# - ADDED ENTRY--PERSONAL NAME |
| Personal name |
Taj, H. Masud, |
| Dates associated with a name |
1956- |
| Relator term |
author. |